Radikál zhášajúca a antioxidačná kapacita pigmentov tvorených kvasinkami pod exogénnym stresom + CD-ROM

Salvato in:
Dettagli Bibliografici
Autore principale: Zalibera, Michal
Natura: Libro
Lingua:slovacco
Pubblicazione: Braislava STU v Bratislave FCHPT 2005
Accesso online:Visualizza in OPAC
Tags: Aggiungi Tag
Nessun Tag, puoi essere il primo ad aggiungerne!!

MARC

LEADER 00000nam a2200000 a 4500
005 20260127134110.0
008 050616 2005 xo 000 0 slo d
035 |a vtls008160692 
039 9 |a 200506161036  |b mschk03  |y 200506161034  |z mschk03 
040 |a STUSCHK1  |b slo  |c STUSCHK1  |e AACR2 
100 1 |a Zalibera, Michal  |9 585 
245 1 |a Radikál zhášajúca a antioxidačná kapacita pigmentov tvorených kvasinkami pod exogénnym stresom  |b + CD-ROM 
260 |a Braislava  |b STU v Bratislave FCHPT  |c 2005 
300 |a 80 s. 
500 |a Obháj.: 7.6. 2005 
500 |a Špec.: Fyzikálna chémia 
910 |a SCHK95 
999 |c 4023  |d 4023